000 00512nam a2200217Ia 4500
003 OSt
005 20221005124110.0
006 a|||||r|||| 00| 0
007 ta
008 221004b |||||||| |||| 00| 0 san d
024 _a48557
037 _cTextual
040 _aCRL
_cCRL
_bsan
041 _2san
_asan
082 _aQ23:225, 15A
245 0 _aMatsya puranam ed by Jibananda
260 _c1973
650 _aRELIGION
942 _hQ23:225, 15A
_cTEXL
_2cc
999 _c1049454
_d1049454